000 00539nam a22002057a 4500
003 OSt
005 20140310182753.0
008 130202t xxu||||| |||| 00| 0 eng d
020 _a9781905857180
050 _aBF1815
_bR287 2007
082 _aM 133.3092
_b.R287 2007
245 _aNostradamus :
_bthe good news /
_cReading, Mario
260 _aLondon :
_bWatkins Pub.,
_c2007.
300 _ax, 292 p. ;
_c 20 cm.
521 _acollege students
526 _c1210L-1700L
541 _j1
562 _e1
942 _2lcc
_cBK
_kM
999 _c15783
_d15783